[Event "Xtracon Chess Open 2016"]
[Site "Elsinore"]
[Date "2016.07.24"]
[Round "3.187"]
[White "Christoffersen, Micki Aron"]
[Black "Mottang, Harald"]
[Result "0-1"]
[WhiteElo "1263"]
[BlackElo "1597"]
[PlyCount "54"]
[EventDate "2016.07.23"]

1. e4 c5 2. d3 Nc6 3. f4 g6 4. Be3 Bg7 5. c3 d6 6. Nf3 f5 7. Nbd2 Nf6 8. Be2
O-O 9. O-O Ng4 10. Bf2 Nxf2 11. Rxf2 b5 12. Qb3+ Kh8 13. Qxb5 Bd7 14. Qb3 fxe4
15. Nxe4 Rb8 16. Qc2 Rxf4 17. Nfg5 Rxf2 18. Nxf2 Qb6 19. Rb1 Bf5 20. Nf3 c4 21.
Ne1 Bh6 22. b3 Be3 23. Bf1 Ne5 24. Rb2 Ng4 25. Rb1 Bxf2+ 26. Kh1 Bxe1 27. Rxe1
Nf2+ 0-1

[Event "Xtracon Chess Open 2016"]
[Site "Elsinore"]
[Date "2016.07.24"]
[Round "3.188"]
[White "Schjolin, John"]
[Black "Bjarnason, Larus H"]
[Result "0-1"]
[WhiteElo "1201"]
[BlackElo "1586"]
[PlyCount "38"]
[EventDate "2016.07.23"]

1. e4 c6 2. Bc4 d5 3. exd5 cxd5 4. Bb3 Bf5 5. d4 e6 6. Nf3 Bd6 7. Nbd2 Nc6 8.
c3 Nf6 9. h3 Rc8 10. Bc2 Bxc2 11. Qxc2 h6 12. Nb3 O-O 13. Be3 b5 14. O-O-O b4
15. Rd3 Ne4 16. Kb1 bxc3 17. a3 a5 18. Ka2 cxb2 19. Rb1 Nb4+ 0-1

[Event "Xtracon Chess Open 2016"]
[Site "Elsinore"]
[Date "2016.07.24"]
[Round "3.189"]
[White "Huse, Lars Paul"]
[Black "Lindsjorn, Yngve"]
[Result "0-1"]
[WhiteElo "1121"]
[BlackElo "1582"]
[PlyCount "93"]
[EventDate "2016.07.23"]

1. e4 c6 2. Nf3 d5 3. exd5 cxd5 4. d4 Nc6 5. Bd3 Nf6 6. O-O g6 7. c3 Bg7 8. h3
O-O 9. Be3 Re8 10. Nbd2 Qc7 11. Nb3 b6 12. Re1 a5 13. Qd2 a4 14. Nc1 Na5 15.
Bf4 Qd8 16. Bh2 Nc4 17. Bxc4 dxc4 18. a3 Bb7 19. Ne5 Qc8 20. f3 e6 21. Na2 Nd5
22. Nb4 Nxb4 23. axb4 h5 24. f4 Rd8 25. Qe2 b5 26. Bg3 Bf6 27. h4 Bd5 28. Qf2
Qb7 29. Re2 Ra6 30. Kh2 Rda8 31. Ra3 Be4 32. Qe3 Bf5 33. Re1 Qe7 34. Qf2 Bxe5
35. dxe5 Rd8 36. Raa1 Rd3 37. Red1 Ra8 38. Qg1 Rad8 39. Rxd3 cxd3 40. Rd1 d2
41. Qe3 Rd3 42. Qf2 Qd7 43. Qc5 Bg4 44. Rg1 d1=Q 45. Rxd1 Rxd1 46. Bf2 Qd2 47.
Bd4 0-1

[Event "Xtracon Chess Open 2016"]
[Site "Elsinore"]
[Date "2016.07.24"]
[Round "3.190"]
[White "Gade, Jens"]
[Black "Jacobsen, Stig Jerlow"]
[Result "1/2-1/2"]
[WhiteElo "1575"]
[BlackElo "1322"]
[PlyCount "73"]
[EventDate "2016.07.23"]

1. f4 e6 2. Nf3 Nf6 3. b3 Nc6 4. Bb2 b6 5. e3 Bb7 6. Be2 h6 7. O-O Qe7 8. Ba3
d6 9. Nc3 O-O-O 10. e4 e5 11. f5 g5 12. fxg6 fxg6 13. Nd5 Nxd5 14. exd5 Nd4 15.
c4 Bg7 16. Nxd4 exd4 17. Bg4+ Kb8 18. Re1 Qg5 19. d3 h5 20. Be6 Be5 21. Bc1 Qe7
22. Qe2 g5 23. Bd2 Bc8 24. Bxc8 Kxc8 25. Qe4 g4 26. Qf5+ Kb8 27. Bg5 Rdf8 28.
Bxe7 Rxf5 29. Rf1 Rf4 30. g3 Rf3 31. Rxf3 gxf3 32. Kf2 Rh7 33. Bh4 Rf7 34. b4
Bg7 35. a4 Bh6 36. Ra2 Be3+ 37. Kf1 1/2-1/2

[Event "Xtracon Chess Open 2016"]
[Site "Elsinore"]
[Date "2016.07.24"]
[Round "3.191"]
[White "Merkesvik, Amalie Isabel"]
[Black "Kreken, Eivind Grunt"]
[Result "1-0"]
[WhiteElo "1574"]
[BlackElo "1245"]
[PlyCount "37"]
[EventDate "2016.07.23"]

1. e4 Nf6 2. Nc3 e5 3. Nf3 Nc6 4. Bc4 Bc5 5. O-O O-O 6. d3 Re8 7. a3 a6 8. Ne2
d6 9. c3 Ba7 10. Ng3 Bg4 11. h3 Bxf3 12. Qxf3 h6 13. Nf5 Ne7 14. Nxh6+ gxh6 15.
Qxf6 Ng6 16. Qxf7+ Kh8 17. Qxg6 Qe7 18. Qxh6+ Qh7 19. Qxh7+ 1-0

[Event "Xtracon Chess Open 2016"]
[Site "Elsinore"]
[Date "2016.07.24"]
[Round "3.192"]
[White "Hestholm, Gustav"]
[Black "Glaschak, Joachim"]
[Result "1/2-1/2"]
[WhiteElo "1055"]
[BlackElo "1570"]
[PlyCount "57"]
[EventDate "2016.07.23"]

1. e4 c6 2. d4 d5 3. exd5 cxd5 4. c4 e6 5. Nc3 Nf6 6. Qb3 Nbd7 7. cxd5 Nxd5 8.
Nxd5 Qa5+ 9. Nc3 Nf6 10. Qb5+ Qxb5 11. Nxb5 Nd5 12. Bc4 a6 13. Bxd5 axb5 14.
Bf3 Ra4 15. Ne2 Bb4+ 16. Bd2 Bxd2+ 17. Kxd2 O-O 18. g4 Rd8 19. Kc3 Rc4+ 20. Kd3
e5 21. d5 Be6 22. Nc3 Rc5 23. h4 f5 24. gxf5 Bxf5+ 25. Be4 Bxe4+ 26. Kxe4 b4
27. Ne2 Rcxd5 28. a3 Rd2 29. Rhe1 1/2-1/2

[Event "Xtracon Chess Open 2016"]
[Site "Elsinore"]
[Date "2016.07.24"]
[Round "3.193"]
[White "Kristensen, Thomas Overgaard"]
[Black "Huse, Arne Kjelsbol"]
[Result "1-0"]
[WhiteElo "1568"]
[BlackElo "1163"]
[PlyCount "35"]
[EventDate "2016.07.23"]

1. d4 d5 2. c4 c6 3. Nc3 Nf6 4. Bg5 e6 5. cxd5 cxd5 6. e3 h6 7. Bf4 Bb4 8. Bd3
O-O 9. Rc1 Ne4 10. Nge2 Qh4 11. O-O Nf6 12. Nb5 Na6 13. Qb3 Ng4 14. f3 g5 15.
Bg3 Qh5 16. fxg4 Qxg4 17. Rf6 h5 18. h3 1-0

[Event "Xtracon Chess Open 2016"]
[Site "Elsinore"]
[Date "2016.07.24"]
[Round "3.196"]
[White "Jacobsen, Caroline Beer"]
[Black "Opseth, Erik"]
[Result "1-0"]
[WhiteElo "1544"]
[BlackElo "1064"]
[PlyCount "49"]
[EventDate "2016.07.23"]

1. e4 e6 2. d4 c5 3. Nf3 Nc6 4. c3 a6 5. Bd3 d6 6. O-O b5 7. Nbd2 Nf6 8. Re1 b4
9. Nf1 Bd7 10. Ng3 Be7 11. Qc2 bxc3 12. bxc3 O-O 13. e5 dxe5 14. dxe5 c4 15.
exf6 cxd3 16. fxe7 Nxe7 17. Qxd3 Bb5 18. Qxd8 Rfxd8 19. Ba3 Nd5 20. Rac1 Bc4
21. Rc2 a5 22. Ne5 Rdc8 23. Re4 Rab8 24. Rxc4 Rb1+ 25. Nf1 1-0

[Event "Xtracon Chess Open 2016"]
[Site "Elsinore"]
[Date "2016.07.24"]
[Round "3.197"]
[White "Morling, Aase"]
[Black "Mansoor, Areeb"]
[Result "1-0"]
[WhiteElo "1539"]
[BlackElo "1020"]
[PlyCount "65"]
[EventDate "2016.07.23"]

1. e4 e5 2. Nf3 Nc6 3. Bc4 Nf6 4. O-O Bc5 5. d4 exd4 6. e5 Ne4 7. Bd5 d6 8.
Bxe4 d5 9. Bd3 Bg4 10. Bf4 Bxf3 11. Qxf3 g5 12. Bg3 h5 13. h3 Qc8 14. Qf5 Nb4
15. Qxc8+ Rxc8 16. Bf5 O-O 17. a3 Nc6 18. Bxc8 Rxc8 19. Nd2 f5 20. exf6 Rf8 21.
Bxc7 Rxf6 22. b4 Bf8 23. Rfe1 Rf7 24. Bh2 Bh6 25. Nf3 g4 26. hxg4 hxg4 27. Ne5
Nxe5 28. Rxe5 d3 29. cxd3 Kh8 30. Rxd5 Bg7 31. Be5 Bxe5 32. Rxe5 Rd7 33. Re3
1-0

[Event "Xtracon Chess Open 2016"]
[Site "Elsinore"]
[Date "2016.07.25"]
[Round "4.1"]
[White "Zuniga, Julio E Granda"]
[Black "Rasmussen, Allan Stig"]
[Result "0-1"]
[WhiteElo "2699"]
[BlackElo "2504"]
[PlyCount "92"]
[EventDate "2016.07.23"]

1. Nf3 d5 2. b3 Bf5 3. Bb2 e6 4. e3 Nd7 5. Be2 h6 6. O-O Ngf6 7. c4 c6 8. d3
Bd6 9. Qc1 Qe7 10. Rd1 O-O 11. Nbd2 Bg6 12. Nf1 Rad8 13. Ng3 Nh5 14. a3 Nxg3
15. hxg3 e5 16. Qc3 a6 17. b4 Rfe8 18. Rac1 Bf5 19. Bf1 Bg4 20. c5 Bc7 21. Re1
h5 22. e4 Be6 23. exd5 Bxd5 24. Re3 f6 25. Nd2 Qf7 26. Nc4 Nf8 27. Ree1 Be6 28.
Rcd1 Rd7 29. Nd2 Red8 30. Nf3 Bd5 31. Nh4 g5 32. Nf5 Qg6 33. Ne3 Bf7 34. Qc1
Ne6 35. Nc2 Kf8 36. d4 e4 37. Qa1 f5 38. Bc4 f4 39. Rf1 Ng7 40. Qa2 Bd5 41.
Bxd5 Rxd5 42. Qb3 h4 43. g4 Qe6 44. Rde1 Re8 45. Qh3 Re7 46. g3 Qg6 0-1

[Event "Xtracon Chess Open 2016"]
[Site "Elsinore"]
[Date "2016.07.25"]
[Round "4.3"]
[White "Zoler, Dan"]
[Black "Dreev, Aleksey"]
[Result "1/2-1/2"]
[WhiteElo "2484"]
[BlackElo "2664"]
[PlyCount "39"]
[EventDate "2016.07.23"]

1. d4 d5 2. c4 c6 3. Nf3 Nf6 4. Nc3 e6 5. e3 Nbd7 6. Bd3 dxc4 7. Bxc4 b5 8. Be2
Bb7 9. O-O Be7 10. a3 a5 11. Bd2 O-O 12. Qc2 Qb8 13. Rfc1 Rc8 14. Qd1 Rd8 15.
Be1 h6 16. Qc2 Rc8 17. Qd1 Rd8 18. Qc2 Rc8 19. Qd1 Rd8 20. Qc2 1/2-1/2

[Event "Xtracon Chess Open 2016"]
[Site "Elsinore"]
[Date "2016.07.25"]
[Round "4.4"]
[White "Vovk, Andriy"]
[Black "Tarjan, James E"]
[Result "1-0"]
[WhiteElo "2637"]
[BlackElo "2447"]
[PlyCount "81"]
[EventDate "2016.07.23"]

1. e4 e5 2. Nf3 Nc6 3. d4 exd4 4. Nxd4 Nf6 5. Nxc6 bxc6 6. e5 Qe7 7. Qe2 Nd5 8.
c4 Nb6 9. Nc3 Ba6 10. Qe4 Qe6 11. f4 d5 12. f5 Qd7 13. cxd5 cxd5 14. e6 fxe6
15. fxe6 Qd6 16. Qf5 Bxf1 17. Bf4 Qe7 18. Rxf1 g6 19. Qf7+ Qxf7 20. exf7+ Kxf7
21. Be5+ Kg8 22. Bxh8 Re8+ 23. Kf2 Kxh8 24. Rae1 Rd8 25. Re6 c5 26. b3 c4 27.
bxc4 dxc4 28. Ke2 Bg7 29. Rd1 Rf8 30. Ne4 Kg8 31. Re7 c3 32. g3 a5 33. Rc7 Re8
34. Kf3 Na4 35. Rd5 Rf8+ 36. Ke3 Bh6+ 37. Kd3 Bg7 38. Rxa5 Nb6 39. Kc2 h5 40.
Rc6 Nd7 41. Rxg6 1-0

[Event "Xtracon Chess Open 2016"]
[Site "Elsinore"]
[Date "2016.07.25"]
[Round "4.5"]
[White "Ringoir, Tanguy"]
[Black "Naroditsky, Daniel"]
[Result "1/2-1/2"]
[WhiteElo "2474"]
[BlackElo "2634"]
[PlyCount "32"]
[EventDate "2016.07.23"]

1. d4 Nf6 2. c4 e6 3. g3 d5 4. Nf3 dxc4 5. Bg2 Bd7 6. Nbd2 Bb5 7. Ne5 a5 8.
Bxb7 Ra7 9. a4 Rxb7 10. axb5 Qxd4 11. Nexc4 Bb4 12. Nxa5 Rxb5 13. Nab3 Qd5 14.
O-O O-O 15. Nf3 Qb7 16. Qc2 Nbd7 1/2-1/2

[Event "Xtracon Chess Open 2016"]
[Site "Elsinore"]
[Date "2016.07.25"]
[Round "4.7"]
[White "Agdestein, Simen"]
[Black "Holm, Kristian Stuvik"]
[Result "1-0"]
[WhiteElo "2603"]
[BlackElo "2411"]
[PlyCount "165"]
[EventDate "2016.07.23"]

1. c4 g6 2. g3 Bg7 3. Bg2 Nf6 4. Nc3 O-O 5. d4 d6 6. Nf3 Nc6 7. O-O Bf5 8. b3
Ne4 9. Bb2 Nxc3 10. Bxc3 Be4 11. e3 e5 12. d5 Ne7 13. Rc1 Qc8 14. Qe2 a5 15.
Rfd1 b6 16. Ne1 Bxg2 17. Kxg2 Qd7 18. e4 f5 19. Nd3 Rae8 20. f3 h5 21. Rf1 Bh6
22. Rce1 f4 23. gxf4 Bxf4 24. Nxf4 Rxf4 25. Bd2 Ref8 26. Bxf4 Rxf4 27. Kh1 Kh7
28. Rg1 Ng8 29. Rg3 Qf7 30. Reg1 Ne7 31. Qg2 Kg7 32. Qh3 Kf8 33. Rf1 Ng8 34.
Kg1 Nf6 35. Qg2 Kg7 36. Qe2 Kh6 37. Qe3 g5 38. Rf2 Qd7 39. Rfg2 Nh7 40. Kf1 h4
41. Rg4 Qg7 42. Ke2 Qf6 43. a3 Kh5 44. Rg1 Kh6 45. b4 axb4 46. axb4 Qh8 47. Qc1
Qa8 48. Qa1 Qf8 49. Rxf4 Qxf4 50. Rh1 Qf8 51. c5 Nf6 52. cxb6 cxb6 53. Rc1 Qe8
54. Rc6 Qd7 55. Qg1 b5 56. Qb6 Ne8 57. Kf2 Kh5 58. Kg2 g4 59. Qe3 Qg7 60. fxg4+
Qxg4+ 61. Kf2 Nf6 62. Qf3 Nxe4+ 63. Ke3 Qxf3+ 64. Kxf3 Ng5+ 65. Ke3 Nf7 66. Rb6
Kg4 67. Rxb5 Kh3 68. Rb7 Nh6 69. b5 Ng4+ 70. Ke2 Nf6 71. b6 Nxd5 72. Rb8 Nxb6
73. Rxb6 Kxh2 74. Rxd6 Kg3 75. Rg6+ Kf4 76. Kf2 e4 77. Rf6+ Kg4 78. Ke3 Kg3 79.
Rg6+ Kh2 80. Kxe4 h3 81. Kf3 Kh1 82. Ra6 Kh2 83. Ra2+ 1-0

[Event "Xtracon Chess Open 2016"]
[Site "Elsinore"]
[Date "2016.07.25"]
[Round "4.8"]
[White "Christiansen, Johan Sebastian"]
[Black "Vorobiov, Evgeny E"]
[Result "1/2-1/2"]
[WhiteElo "2411"]
[BlackElo "2584"]
[PlyCount "109"]
[EventDate "2016.07.23"]

1. c4 c5 2. g3 g6 3. Bg2 Bg7 4. Nf3 Nc6 5. Nc3 Nf6 6. d4 cxd4 7. Nxd4 Nxd4 8.
Qxd4 O-O 9. c5 d6 10. Qb4 a5 11. Qa3 dxc5 12. Qxc5 b6 13. Qa3 Ra7 14. O-O Bb7
15. e4 Bc6 16. Be3 Ng4 17. Rfd1 Qc7 18. Bf4 e5 19. Bd2 Rd8 20. Bg5 Rxd1+ 21.
Rxd1 Bf8 22. Qb3 Bc5 23. Rf1 h6 24. Bc1 Kg7 25. h3 Nf6 26. Kh2 Qe7 27. f4 exf4
28. Rxf4 Nh5 29. Rf3 Rd7 30. Nd5 Bxd5 31. exd5 Qe1 32. Be3 Bxe3 33. Rxe3 Qd2
34. Rd3 Qf2 35. Qc3+ Qf6 36. Qd2 Rd6 37. Rf3 Qe5 38. Re3 Qf6 39. Bf3 Qg5 40.
Qc3+ Qf6 41. Bxh5 gxh5 42. Rd3 b5 43. h4 Qxc3 44. bxc3 a4 45. a3 Kf6 46. c4
bxc4 47. Rc3 Rxd5 48. Rxc4 Rd2+ 49. Kh3 Kg6 50. Rxa4 f5 51. Ra6+ Kg7 52. a4 Ra2
53. Ra7+ Kg6 54. Ra6+ Kg7 55. Ra7+ 1/2-1/2

[Event "Xtracon Chess Open 2016"]
[Site "Elsinore"]
[Date "2016.07.25"]
[Round "4.9"]
[White "Zude, Erik"]
[Black "Marin, Mihail"]
[Result "1-0"]
[WhiteElo "2403"]
[BlackElo "2576"]
[PlyCount "103"]
[EventDate "2016.07.23"]

1. d4 Nf6 2. c4 e6 3. Nc3 Bb4 4. e3 O-O 5. Bd3 d5 6. Nf3 b6 7. O-O Ba6 8. cxd5
exd5 9. Bxa6 Nxa6 10. Qd3 Qc8 11. b3 Qb7 12. Bb2 Rfe8 13. Rac1 Rac8 14. Rfd1
Bd6 15. Qf5 c6 16. a3 Nb8 17. b4 b5 18. e4 dxe4 19. Ne5 Rc7 20. Re1 Rce7 21.
Nxe4 Nxe4 22. Rxe4 f6 23. Rh4 h6 24. Rxh6 Bxe5 25. Qh7+ Kf8 26. dxe5 gxh6 27.
Qxh6+ Kg8 28. Qg6+ Kf8 29. Qh6+ Kg8 30. Qg6+ Kf8 31. Qxf6+ Rf7 32. Qh6+ Rg7 33.
e6 Kg8 34. Rc5 Rd8 35. g3 Rd1+ 36. Kg2 Rd5 37. Rc3 c5 38. f3 c4 39. Rc2 Rf5 40.
Rf2 Rf8 41. Qh5 a6 42. Re2 Rh7 43. Qg4+ Rg7 44. Qh5 Rh7 45. Qg4+ Rg7 46. Bxg7
Qxg7 47. e7 Re8 48. Qe6+ Qf7 49. Qd6 Kg7 50. Re4 Qf5 51. Rg4+ Kh7 52. Rf4 1-0

[Event "Xtracon Chess Open 2016"]
[Site "Elsinore"]
[Date "2016.07.25"]
[Round "4.10"]
[White "Brunello, Sabino"]
[Black "Hoi, Carsten"]
[Result "1/2-1/2"]
[WhiteElo "2567"]
[BlackElo "2386"]
[PlyCount "82"]
[EventDate "2016.07.23"]

1. d4 g6 2. c4 Bg7 3. e4 d6 4. Nc3 Nf6 5. h3 O-O 6. Be3 c5 7. Nf3 cxd4 8. Nxd4
Nc6 9. Be2 Nxd4 10. Bxd4 Bd7 11. O-O Bc6 12. Qd3 a5 13. Bg4 h5 14. Be2 Nd7 15.
Bxg7 Kxg7 16. Qd4+ f6 17. Rad1 a4 18. Kh1 Qa5 19. f4 a3 20. b3 e5 21. Qe3 exf4
22. Rxf4 Qc5 23. Qg3 Qe5 24. b4 h4 25. Qe3 f5 26. Qd4 fxe4 27. Rxf8 Nxf8 28. b5
Be8 29. Nxe4 Ne6 30. Qb6 Bf7 31. Qxb7 Rf8 32. Qd5 Qb2 33. Bg4 Nc5 34. Qd4+ Qxd4
35. Rxd4 Nxe4 36. Rxe4 d5 37. cxd5 Bxd5 38. Re7+ Kh6 39. Kg1 Bxa2 40. Ra7 Bc4
41. b6 Rf1+ 1/2-1/2

[Event "Xtracon Chess Open 2016"]
[Site "Elsinore"]
[Date "2016.07.25"]
[Round "4.12"]
[White "Gretarsson, Hjorvar Steinn"]
[Black "Colpe, Malte"]
[Result "1-0"]
[WhiteElo "2550"]
[BlackElo "2385"]
[PlyCount "63"]
[EventDate "2016.07.23"]

1. c4 Nf6 2. Nc3 g6 3. e4 d6 4. g3 Bg7 5. Bg2 O-O 6. Nge2 c5 7. O-O Nc6 8. d3
a6 9. h3 Rb8 10. a4 Ne8 11. Be3 Nd4 12. Rb1 f5 13. b4 e5 14. bxc5 dxc5 15. f4
Nd6 16. Kh2 fxe4 17. Nxe4 N6f5 18. Bc1 Nxe2 19. Qxe2 Qc7 20. Ng5 h6 21. Bd5+
Kh8 22. Nf3 Nd4 23. Qg2 Nxf3+ 24. Rxf3 Kh7 25. fxe5 Rxf3 26. Qxf3 Bxe5 27. Kg2
b6 28. Bb2 Bxb2 29. Rxb2 Qd7 30. Qf4 Qxh3+ 31. Kg1 Rb7 32. Rh2 1-0

[Event "Xtracon Chess Open 2016"]
[Site "Elsinore"]
[Date "2016.07.25"]
[Round "4.13"]
[White "Thybo, Jesper Sondergaard"]
[Black "Burmakin, Vladimir"]
[Result "0-1"]
[WhiteElo "2385"]
[BlackElo "2549"]
[PlyCount "88"]
[EventDate "2016.07.23"]

1. e4 c6 2. d4 d5 3. Nd2 g6 4. Ngf3 Bg7 5. c3 dxe4 6. Nxe4 Nf6 7. Nxf6+ exf6 8.
Bc4 O-O 9. O-O Nd7 10. Bb3 Nb6 11. Nd2 Re8 12. Nc4 Nxc4 13. Bxc4 Be6 14. Bxe6
Rxe6 15. Qb3 Qe7 16. Be3 f5 17. Rad1 Re4 18. g3 g5 19. Bd2 h6 20. Rfe1 Qd7 21.
f3 Rxe1+ 22. Rxe1 Re8 23. Rxe8+ Qxe8 24. Kf2 Qd7 25. Be3 a6 26. Qb6 Bf6 27. Qc5
f4 28. gxf4 Qh3 29. fxg5 Qxh2+ 30. Kf1 Qh3+ 31. Kf2 hxg5 32. Qd6 Kg7 33. Qg3
Qf5 34. Qg4 Kg6 35. Qe4 Bd8 36. Kg2 Bc7 37. Bf2 Qxe4 38. fxe4 f5 39. exf5+ Kxf5
40. Bg3 Bf4 41. Bxf4 Kxf4 42. a4 b5 43. axb5 axb5 44. Kf2 Ke4 0-1

[Event "Xtracon Chess Open 2016"]
[Site "Elsinore"]
[Date "2016.07.25"]
[Round "4.14"]
[White "Svane, Rasmus"]
[Black "Jensson, Einar Hjalti"]
[Result "1/2-1/2"]
[WhiteElo "2549"]
[BlackElo "2371"]
[PlyCount "187"]
[EventDate "2016.07.23"]

1. d4 d5 2. c4 c6 3. Nc3 dxc4 4. e3 b5 5. a4 b4 6. Ne4 Qd5 7. Ng3 Nf6 8. Be2 e6
9. e4 Nxe4 10. Bf3 f5 11. Qe2 c3 12. Nxe4 fxe4 13. Bxe4 Ba6 14. Bxd5 Bxe2 15.
Bxe6 cxb2 16. Bxb2 Bh5 17. Nf3 Bf7 18. Bxf7+ Kxf7 19. O-O-O Nd7 20. d5 cxd5 21.
Rxd5 Nb6 22. Rf5+ Kg8 23. a5 Nc4 24. Rd1 h5 25. Rd7 Rh6 26. Rc7 Nxb2 27. Kxb2
a6 28. Rd5 Re8 29. Kb3 h4 30. h3 Rf6 31. Rc2 Re4 32. Rd8 Ref4 33. Rc4 R4f5 34.
Ka4 Rb5 35. Kb3 Rxa5 36. Rxb4 Kf7 37. Rb7+ Be7 38. Rdd7 Rb5+ 39. Rxb5 axb5 40.
Rd5 b4 41. Rd4 Ra6 42. Ne5+ Ke6 43. Nc4 Ra1 44. Re4+ Kf7 45. Ne5+ Kg8 46. Nc6
Ra3+ 47. Kc4 Rc3+ 48. Kb5 Bc5 49. Rc4 Bxf2 50. Kxb4 Re3 51. Rc2 Bg1 52. Kc4 Kh7
53. Kd5 Bh2 54. Nd4 g5 55. Re2 Rxe2 56. Nxe2 Kg6 57. Ke4 Bd6 58. Nd4 Be7 59.
Nb5 Bb4 60. Nc7 Ba3 61. Nd5 Bd6 62. Ne3 Ba3 63. Nc4 Bc1 64. Ne5+ Kf6 65. Ng4+
Ke6 66. Nh2 Bf4 67. Nf3 Bc1 68. Nd4+ Kf6 69. Kf3 Bb2 70. Nc2 Bc1 71. Kg4 Kg6
72. Nd4 Be3 73. Nf3 Kf6 74. Ne1 Kg6 75. Kf3 Bc1 76. Ke4 Kf6 77. Nc2 Bb2 78. Ne3
Ke6 79. Nc4 Bc1 80. Na5 Ba3 81. Nb3 Kf6 82. Nd4 Bb2 83. Nb5 Be5 84. Na3 Ke6 85.
Nc4 Bf4 86. Nb6 Bc7 87. Nd5 Ba5 88. Ne3 Bd2 89. Ng4 Bc1 90. Nh2 Bf4 91. Nf3 Bc1
92. Nd4+ Kf6 93. Nf3 Ke6 94. Nd4+ 1/2-1/2

[Event "Xtracon Chess Open 2016"]
[Site "Elsinore"]
[Date "2016.07.25"]
[Round "4.15"]
[White "Bach, Matthias"]
[Black "Andersen, Mads"]
[Result "1/2-1/2"]
[WhiteElo "2296"]
[BlackElo "2525"]
[PlyCount "51"]
[EventDate "2016.07.23"]

1. c4 c6 2. Nf3 d5 3. g3 Bg4 4. Bg2 e6 5. O-O Nd7 6. cxd5 cxd5 7. Qa4 Bh5 8. d3
Ne7 9. e4 Nc6 10. exd5 Nb6 11. Qb3 Qxd5 12. Nc3 Qxb3 13. axb3 Bc5 14. d4 Bxf3
15. dxc5 Bxg2 16. Kxg2 Nd5 17. Nxd5 exd5 18. b4 Nxb4 19. Ra4 Nd3 20. Be3 O-O
21. Bd4 Rfe8 22. Rd1 Ne1+ 23. Kf1 Nf3 24. Kg2 Ne1+ 25. Kf1 Nf3 26. Kg2 1/2-1/2

[Event "Xtracon Chess Open 2016"]
[Site "Elsinore"]
[Date "2016.07.25"]
[Round "4.16"]
[White "Shirov, Alexei"]
[Black "Akdag, Dara Sevkan"]
[Result "1-0"]
[WhiteElo "2674"]
[BlackElo "2213"]
[PlyCount "45"]
[EventDate "2016.07.23"]

1. d4 Nf6 2. c4 c5 3. d5 b5 4. cxb5 a6 5. bxa6 g6 6. Nc3 Bg7 7. g3 O-O 8. Bg2
d6 9. Nh3 Qa5 10. O-O Nbd7 11. Bd2 Qxa6 12. Nf4 Nb6 13. b3 Bb7 14. a4 g5 15.
Nh3 Nfxd5 16. Nxg5 h6 17. Nxd5 Bxd5 18. Nf3 Bxa1 19. Qxa1 Bxb3 20. Bxh6 e5 21.
Qc1 f6 22. Qb1 Bf7 23. Qf5 1-0

[Event "Xtracon Chess Open 2016"]
[Site "Elsinore"]
[Date "2016.07.25"]
[Round "4.17"]
[White "Amin, Bassem"]
[Black "Haugli, Petter"]
[Result "1-0"]
[WhiteElo "2654"]
[BlackElo "2257"]
[PlyCount "73"]
[EventDate "2016.07.23"]


1. e4 c5 2. Nf3 e6 3. d3 Nc6 4. g3 Nf6 5. Bg2 d6 6. O-O Be7 7. Re1 O-O 8. c3 b5
9. d4 Bb7 10. d5 exd5 11. exd5 Na5 12. Nh4 Re8 13. Na3 Qd7 14. b4 cxb4 15. cxb4
Nc4 16. Nxc4 bxc4 17. Bb2 a5 18. b5 a4 19. Bc3 Rac8 20. Rb1 Rc5 21. Bd4 Rcc8
22. Bc3 Rc5 23. Bd4 Rcc8 24. Bxf6 Bxf6 25. Rxe8+ Rxe8 26. Qxa4 Bxh4 27. gxh4
Qf5 28. Rf1 Rc8 29. b6 c3 30. Rc1 g6 31. Qe4 Qf6 32. h3 Rc5 33. a4 Bxd5 34.
Qxd5 Rxd5 35. Bxd5 Qxh4 36. Rxc3 Qg5+ 37. Bg2 1-0

[Event "Xtracon Chess Open 2016"]
[Site "Elsinore"]
[Date "2016.07.25"]
[Round "4.18"]
[White "Muhsen, Abdulla.mohmmed"]
[Black "Hammer, Jon Ludvig"]
[Result "0-1"]
[WhiteElo "2227"]
[BlackElo "2652"]
[PlyCount "70"]
[EventDate "2016.07.23"]

1. Nf3 d5 2. g3 c6 3. Bg2 Bf5 4. O-O e6 5. d3 h6 6. c3 Nf6 7. Qb3 Qb6 8. Be3
Qa6 9. h3 Bd6 10. Rc1 Nbd7 11. a4 e5 12. Qd1 Qa5 13. Nbd2 O-O 14. Nf1 Rfe8 15.
Bd2 Qd8 16. g4 Bh7 17. g5 e4 18. dxe4 Nxe4 19. gxh6 Nxd2 20. Qxd2 Nc5 21. hxg7
Nb3 22. Qh6 Re6 23. Qh5 Rg6 24. Ne3 Bf4 25. Rd1 Nxa1 26. Nf5 Nb3 27. e3 Qf6 28.
Kf1 Rxg2 29. Kxg2 Qxf5 30. Qxf5 Bxf5 31. exf4 Re8 32. Ne5 Kxg7 33. Ng4 Re2 34.
Kf3 Rxb2 35. Ke3 Rc2 0-1

[Event "Xtracon Chess Open 2016"]
[Site "Elsinore"]
[Date "2016.07.25"]
[Round "4.19"]
[White "Maze, Sebastien"]
[Black "Thorsbro, Peter"]
[Result "1-0"]
[WhiteElo "2628"]
[BlackElo "2239"]
[PlyCount "65"]
[EventDate "2016.07.23"]

1. e4 c6 2. d4 d5 3. e5 c5 4. Nf3 Bg4 5. dxc5 e6 6. b4 Qc7 7. Nbd2 a5 8. c3
axb4 9. cxb4 Ne7 10. Bb2 Nd7 11. a3 Nc6 12. Bb5 Be7 13. h3 Bh5 14. O-O O-O 15.
Qe2 Rae8 16. Rae1 f6 17. Qe3 f5 18. Nd4 f4 19. Qc3 Bd8 20. Nxc6 bxc6 21. Bd3
Qb8 22. a4 Qa7 23. Nb3 Nb8 24. Nd4 Qe7 25. Be2 Bxe2 26. Rxe2 g5 27. b5 Qg7 28.
b6 Kh8 29. a5 f3 30. Nxf3 g4 31. Nd4 gxh3 32. Qxh3 Qg6 33. f4 1-0

[Event "Xtracon Chess Open 2016"]
[Site "Elsinore"]
[Date "2016.07.25"]
[Round "4.20"]
[White "Schandorff, Lars"]
[Black "Ranaldi, Lucas"]
[Result "1-0"]
[WhiteElo "2521"]
[BlackElo "2228"]
[PlyCount "67"]
[EventDate "2016.07.23"]

1. Nf3 Nf6 2. g3 g6 3. b3 Bg7 4. Bb2 O-O 5. Bg2 c5 6. c4 Nc6 7. O-O d6 8. d4 a6
9. Nc3 Rb8 10. dxc5 dxc5 11. Na4 Nd7 12. Bxg7 Kxg7 13. Qd2 Qc7 14. Rfd1 b6 15.
Nc3 Nf6 16. Nd5 Nxd5 17. cxd5 Ne5 18. Qc3 f6 19. Nd4 Qd6 20. Nc6 Nxc6 21. dxc6
Qc7 22. a3 a5 23. b4 cxb4 24. axb4 axb4 25. Qxb4 Be6 26. Ra6 Kf7 27. h3 Rfe8
28. e3 Qc8 29. Ra7 Bxh3 30. c7 Bxg2 31. cxb8=Q Qxb8 32. Rdd7 Qe5 33. Kxg2 Qe6
34. Qd4 1-0

[Event "Xtracon Chess Open 2016"]
[Site "Elsinore"]
[Date "2016.07.25"]
[Round "4.21"]
[White "Delorme, Axel"]
[Black "Dahl, Trygve"]
[Result "1-0"]
[WhiteElo "2514"]
[BlackElo "2233"]
[PlyCount "63"]
[EventDate "2016.07.23"]

1. Nf3 f5 2. d3 Nf6 3. e4 d6 4. exf5 Bxf5 5. d4 e6 6. Bd3 d5 7. O-O Be7 8. Bxf5
exf5 9. Qd3 Qd7 10. Ne5 Qc8 11. c4 O-O 12. Nc3 Qe6 13. Bg5 dxc4 14. Nxc4 Bd6
15. Rfe1 Qd7 16. Ne5 Bxe5 17. Qc4+ Qf7 18. Qxf7+ Kxf7 19. dxe5 Ne4 20. e6+ Kg6
21. Nxe4 fxe4 22. Bh4 Kf5 23. e7 Re8 24. Rac1 Na6 25. Rc4 g5 26. Rcxe4 gxh4 27.
Re6 b6 28. R1e5+ Kf4 29. g3+ Kg4 30. h3+ Kxh3 31. Re4 Nc5 32. Rxh4# 1-0

[Event "Xtracon Chess Open 2016"]
[Site "Elsinore"]
[Date "2016.07.25"]
[Round "4.22"]
[White "Rolvag, Mikael"]
[Black "Sipila, Vilka"]
[Result "0-1"]
[WhiteElo "2214"]
[BlackElo "2458"]
[PlyCount "78"]
[EventDate "2016.07.23"]

1. d4 Nf6 2. Nf3 g6 3. c4 Bg7 4. Nc3 O-O 5. e4 d6 6. Be2 e5 7. d5 a5 8. Bg5 h6
9. Bh4 Na6 10. Nd2 Qe8 11. O-O Bd7 12. Kh1 Nh7 13. b3 h5 14. f3 Bh6 15. a3 Be3
16. Qc2 f5 17. exf5 gxf5 18. Rae1 Qg6 19. Bd3 Qh6 20. Ndb1 Nc5 21. b4 axb4 22.
axb4 Nxd3 23. Qxd3 Bd4 24. Bf2 Bxf2 25. Rxf2 Nf6 26. Rb2 h4 27. Qd2 Qh7 28. Ra2
Rxa2 29. Qxa2 Nh5 30. c5 Nf4 31. Qc4 Kh8 32. Ne2 Nxe2 33. Rxe2 h3 34. g3 Ra8
35. Ra2 Rxa2 36. Qxa2 f4 37. Qb3 Ba4 38. Qb2 Qd3 39. Nd2 Qe2 0-1